Top 100 national teams all time scorer - Statistics

General Stats
  • This quiz has been taken 82 times
    19 since last reset
  • The average score is 31 of 100
Answer Stats
Hint Answer % Correct
Argentina Lionel Messi
100%
Portugal Cristiano Ronaldo
94%
Norway Erling Haaland
89%
Wales Gareth Bale
89%
England Harry Kane
89%
Brazil Neymar Jr
89%
Sweden Zlatan Ibrahimović
89%
Poland Robert Lewandowski
83%
Belgium Romelu Lukaku
83%
Uruguay Luis Suárez
78%
France Oliver Giroud
78%
Chile Alexis Sanchez
72%
Ivory Coast Didier Drogba
72%
Bosnia Edin Džeko
72%
Hungary Ferenc Puskás
72%
Germany Miroslav Klose
72%
Cameroon Samuel Eto'o
72%
Spain David Villa
67%
South Korea Heung-Min Son
67%
Ireland Robbie Keane
67%
Senegal Sadio Mané
67%
Ukraine Andriy Shevchenko
61%
USA Clint Dempsey/ Donovan
61%
Ecuador Enner Valencia
61%
Romania Gheorghe Hagi/Mutu
56%
Gabon Pierre-Emerick Aubameyang
56%
Scotland Denis Law/ Dalglish
50%
Mexico Javier Hernández
50%
Finland Teemu Pukki
50%
Australia Tim Cahill
50%
New Zeeland Chris Wood
44%
Croatia Davor Šuker
44%
Bulgaria Dimitar Berbatov
44%
Armenia Henrikh Mkhitaryan
44%
Canada jonathan David
44%
Netherlands Memphis Depay
44%
Colombia Radamel Falcao
44%
Serbia Aleksander Mitrović
39%
Iran Ali Daei
33%
Ghana Asamoah Gyan
33%
North Macedonia Goran Pandev
33%
Paraguay Roque Santa Cruz
33%
Burkina Faso Bertrand Traoré
28%
Turkey Hakan Şükür
28%
Algeria Islam Slimani
28%
Czech Republic Jan Koller
28%
Slovakia Marek Hamšík
28%
Montenegro Stevan Jovetić
28%
Guatemala Carlos Ruíz
22%
Austria Toni Polster
22%
Kosovo Vedat Muriqi
22%
Switzerland Alexander Frei
17%
Qatar Almoez Ali
17%
Iceland Eiður Guðjohnsen
17%
Mali Frédéric Kanouté
17%
Italy Luigi Riva
17%
Peru Paolo Guerrero
17%
Trinidad & Tobago Stern John
17%
Luxembourg Gerson Rodrigues
11%
Egypt Hossam Hassan
11%
Bolivia Marcelo Martíns
11%
Denmark Poul Nielsen/ Tomasson
11%
China Wu Lei
11%
Morocco Ahmed Faras
6%
Congo DR Cédric Bakambu
6%
Russia Alexander Kerzhakov
6%
Israel Eran Zahavi
6%
Costa Rica Paulo Wanchope
6%
Saudi Arabia Sami Al-Jaber
6%
Benin Stéphane Sessègnon
6%
Angola Akwa
0%
Honduras Carlos Pavon
0%
Northern Ireland David Healy
0%
Venezuela Salomón Rondón
0%
Haiti Duckens Nazon
0%
Uzbekistan Eldor Shomurodov
0%
Equatorial Guinea Emilio Nsué
0%
Albania Erjon Bogdani
0%
Tunisia Francileudo dos Santos
0%
Uganda Hassan Mubiru
0%
Zambia Kalusha Bwalya
0%
Thailand Kiatisuk Senamuang
0%
Japan Kunishige Kamamoto
0%
Panama Luis Tejada
0%
Belarus Maksim Romaschenko
0%
Greece Nikos Anastopoulos
0%
Palestine Oday Dabbagh
0%
Syria Omar Khribin
0%
Jamaica Onandi Lowe
0%
Guinea Pascal Feindouno
0%
Namibia Peter Shalulile
0%
Nigeria Rachidi Yekini
0%
Curacao Rangelo Janga
0%
El Salvador Raul Diaz Arce
0%
Cape Verde Ryan Mendes
0%
South Africa Shaun Bartlett
0%
Georgia Shota Arveladze
0%
Mozambique Tico-Tico
0%
Iraq Younis Mahmoud
0%
Slovenia Zlatko Zahovič
0%
No matching quizzes found
Score Distribution
Percent of People with Each Score
Percentile by Number Answered
Your Score History
You have not taken this quiz since the last reset